<?xml version="1.0" encoding="UTF-8"?><?xml-stylesheet type="text/xsl" href="static/style.xsl"?><OAI-PMH xmlns="http://www.openarchives.org/OAI/2.0/" xmlns:xsi="http://www.w3.org/2001/XMLSchema-instance" xsi:schemaLocation="http://www.openarchives.org/OAI/2.0/ http://www.openarchives.org/OAI/2.0/OAI-PMH.xsd"><responseDate>2026-05-17T18:12:30Z</responseDate><request verb="GetRecord" identifier="oai:recam.amb.cat:20.500.14439/4809" metadataPrefix="marc">https://recam.amb.cat/rest/oai/request</request><GetRecord><record><header><identifier>oai:recam.amb.cat:20.500.14439/4809</identifier><datestamp>2026-05-08T23:46:00Z</datestamp><setSpec>com_20.500.14439_123</setSpec><setSpec>col_20.500.14439_129</setSpec></header><metadata><record xmlns="http://www.loc.gov/MARC21/slim" xmlns:dcterms="http://purl.org/dc/terms/" xmlns:xsi="http://www.w3.org/2001/XMLSchema-instance" xmlns:doc="http://www.lyncode.com/xoai" xsi:schemaLocation="http://www.loc.gov/MARC21/slim http://www.loc.gov/standards/marcxml/schema/MARC21slim.xsd">
   <leader>00925njm 22002777a 4500</leader>
   <datafield ind2=" " ind1=" " tag="042">
      <subfield code="a">dc</subfield>
   </datafield>
   <datafield ind2=" " ind1=" " tag="720">
      <subfield code="a">Observatori Metropolità de l'Habitatge de Barcelona</subfield>
      <subfield code="e">author</subfield>
   </datafield>
   <datafield ind2=" " ind1=" " tag="260">
      <subfield code="c">2024-01-01</subfield>
   </datafield>
   <datafield ind2=" " ind1=" " tag="520">
      <subfield code="a">El laboratori ‘Estructura i concentració de la propietat del parc de lloguer a la demarcació de Barcelona’ és un projecte estructural de l’Observatori Metropolità de l’Habitatge de Barcelona (O-HB) que té per objectiu aportar informació periòdica sobre el volum i la distribució de la propietat d’habitatges de lloguer a la província de Barcelona.  De forma concreta, l’estudi analitza la relació entre els propietaris i els habitatges arrendats segons el nombre d’habitatges en propietat (propietaris d’1 habitatge de lloguer, de 5 o més, de més de 10 i de més de 15, entre d’altres) i el tipus de propietari (persones físiques, administració pública, empreses, entitats sense ànim de lucre, institucions religioses, comunitats de béns/propietaris i altres).</subfield>
   </datafield>
   <datafield ind1="8" ind2=" " tag="024">
      <subfield code="a">https://hdl.handle.net/20.500.14439/4809</subfield>
   </datafield>
   <datafield tag="653" ind2=" " ind1=" ">
      <subfield code="a">Habitatge</subfield>
   </datafield>
   <datafield tag="653" ind2=" " ind1=" ">
      <subfield code="a">Lloguers</subfield>
   </datafield>
   <datafield ind2="0" ind1="0" tag="245">
      <subfield code="a">Estructura i concentració de la propietat del parc de lloguer a la demarcació de Barcelona, 2023</subfield>
   </datafield>
</record></metadata></record></GetRecord></OAI-PMH>